00554nam a22001577a 4500003001100000008004100011040003900052041000800091082001600099111008300115245002800198260005100226300004100277650004400318650003400362LK-CoMWRAF240611b |||||||| |||| 00| 0 eng d aLK-CoMWRAFdLK-CoMWRAFeLK-CoMWRAF aeng a305.42bWOM aTENTH NATIONAL CONVENTION ON WOMEN'S STUDIES c( Colombo, d2-6 th April 2006) aSESSION IX:bManagement aColombo: bCentre for Women's Research, c2006 a14 p. ;tablesbBibliography included a WOMEN'S STUDIES- Sri Lanka- Congresses aManagerial roles-Universities